[Event "Piraeus GM 01"]
[Site "Piraeus"]
[Date "2024.01.07"]
[Round "5"]
[White "Kourkoulos Arditis, Stamatis"]
[Black "Kapnisis, Spyridon"]
[Result "1-0"]
[WhiteElo "2547"]
[BlackElo "2431"]
[PlyCount "101"]
[EventDate "2024.01.03"]
[EventType "tourn"]
[EventRounds "9"]
[EventCountry "GRE"]
[EventCategory "7"]
[SourceTitle "CB03_2024"]
[SourceDate "2024.01.17"]
[SourceVersion "1"]
[SourceVersionDate "2024.01.17"]
[SourceQuality "1"]

1. d4 Nf6 2. c4 g6 3. Nf3 Bg7 4. g3 0-0 5. Bg2 d6 6. Nc3 Nbd7 7. 0-0 e5 8. e4 exd4 9. Nxd4 Re8 10. h3 Nc5 11. Re1 h6 12. Rb1 c6 13. b3 a5 14. Bb2 a4 15. b4 Ne6 16. Nxe6 Bxe6 17. Qe2 Nd7 18. Nd1 f5 19. Ne3 Bxb2 20. Qxb2 fxe4 21. Bxe4 Ne5 22. Rbd1 Bxh3 23. f4 Ng4 24. Nxg4 Bxg4 25. Bxg6 Re7 26. Rc1 Qf8 27. f5 Rxe1+ 28. Rxe1 Bxf5 29. Rf1 Bxg6 30. Rxf8+ Rxf8 31. Qd4 Rf7 32. Qxd6 Kh7 33. b5 cxb5 34. cxb5 Bb1 35. Qd1 Be4 36. Qxa4 Bf3 37. Qd4 Kg6 38. a4 Rf8 39. Kf2 Kh7 40. Qd7+ Kg8 41. Ke3 Bg2 42. g4 Rf7 43. Qd6 Kg7 44. Qe5+ Rf6 45. Kd4 Bf3 46. Qg3 Kg6 47. a5 Rf7 48. Ke3 Bh1 49. Qh3 Re7+ 50. Kd4 Be4 51. Qe3 1-0

[Event "Athens Iraklion op 25th"]
[Site "Athens"]
[Date "2023.06.18"]
[Round "2"]
[White "Bafas, Athanasios"]
[Black "Kapnisis, Spyridon"]
[Result "0-1"]
[WhiteElo "1662"]
[BlackElo "2456"]
[PlyCount "72"]
[EventDate "2023.06.17"]
[EventType "swiss"]
[EventRounds "9"]
[EventCountry "GRE"]
[SourceTitle "CBM 214 Extra"]
[Source "ChessBase"]
[SourceDate "2023.07.31"]
[SourceVersion "1"]
[SourceVersionDate "2023.07.31"]
[SourceQuality "1"]

1. d4 Nf6 2. c4 c5 3. d5 b5 4. Nd2 d6 5. e4 b4 6. Bd3 e5 7. a3 a5 8. axb4 cxb4 9. Ngf3 Qc7 10. 0-0 Be7 11. Re1 0-0 12. Nf1 Nbd7 13. b3 Nc5 14. Bc2 a4 15. bxa4 b3 16. Bxb3 Nfxe4 17. N3d2 Nxf2 18. Kxf2 Nd3+ 19. Kg1 Qb6+ 20. Ne3 f5 21. Rb1 Nxe1 22. Qxe1 f4 23. Ne4 Qd4 24. Bc2 fxe3 25. Bxe3 Qxc4 26. Qd2 Ba6 27. h3 Rac8 28. Rb2 Rf1+ 29. Kh2 Ra1 30. Ng5 Bxg5 31. Bxg5 Qf1 32. Qb4 Qg1+ 33. Kg3 h6 34. Bxh6 gxh6 35. Qxd6 Qe3+ 36. Kh2 Qf4+ 0-1

[Event "GRE-ch 70th"]
[Site "Lamia"]
[Date "2021.12.11"]
[Round "8"]
[White "Kapnisis, Spyridon"]
[Black "Ioannidis, Evgenios"]
[Result "0-1"]
[WhiteElo "2466"]
[BlackElo "2454"]
[PlyCount "86"]
[EventDate "2021.12.04"]
[EventType "tourn"]
[EventRounds "9"]
[EventCountry "GRE"]
[EventCategory "9"]
[SourceTitle "CBM 205 Extra"]
[Source "ChessBase"]
[SourceDate "2022.01.31"]
[SourceVersion "1"]
[SourceVersionDate "2022.01.31"]
[SourceQuality "1"]

1. d4 Nf6 2. c4 e6 3. Nf3 d5 4. Nc3 Bb4 5. Qa4+ Nc6 6. Bd2 0-0 7. a3 Bxc3 8. Bxc3 Ne4 9. Qc2 a5 10. e3 b6 11. Bd3 f5 12. 0-0 Ba6 13. Be1 Rc8 14. b4 axb4 15. axb4 Bxc4 16. Bxc4 dxc4 17. Qxc4 Qd5 18. Qxd5 exd5 19. b5 Nd8 20. Bb4 Re8 21. Rfc1 c5 22. Ra6 Ne6 23. Ba3 Rb8 24. dxc5 bxc5 25. b6 c4 26. Ra5 Rxb6 27. Rxd5 Ra8 28. Be7 Rb7 29. Bh4 Nc3 30. Rd2 Na2 31. Ra1 c3 32. Rc2 Ra4 33. Bg3 Nb4 34. Rxa4 Nxc2 35. Ra8+ Kf7 36. Kf1 Rb1+ 37. Ke2 Nb4 38. Ne5+ Kf6 39. Ra7 c2 40. Rf7+ Kg5 41. Nf3+ Kg6 42. Ne5+ Kh6 43. Rxf5 c1Q 0-1

[Event "Aegean op 44th"]
[Site "Aghios Kirykos"]
[Date "2021.07.11"]
[Round "2"]
[White "Poupalos, Nikolaos"]
[Black "Kapnisis, Spyridon"]
[Result "0-1"]
[WhiteElo "1887"]
[BlackElo "2478"]
[PlyCount "88"]
[EventDate "2021.07.10"]
[EventType "swiss"]
[EventRounds "9"]
[EventCountry "GRE"]
[SourceTitle "CBM 203 Extra"]
[Source "ChessBase"]
[SourceDate "2021.09.30"]
[SourceVersion "1"]
[SourceVersionDate "2021.09.30"]
[SourceQuality "1"]

1. e4 Nc6 2. Nf3 d6 3. d4 Nf6 4. Nc3 g6 5. Be2 Bg7 6. h3 0-0 7. Be3 e5 8. Qd2 exd4 9. Nxd4 Re8 10. Nxc6 bxc6 11. Bf3 Rb8 12. 0-0 Rxb2 13. Rab1 Rxb1 14. Rxb1 Nd7 15. Rd1 Qf6 16. Bd4 Qxd4 17. Qxd4 Bxd4 18. Rxd4 Nc5 19. h4 Be6 20. Rb4 a5 21. Rb1 Bc4 22. g3 Ba6 23. Bg2 Kg7 24. f4 d5 25. e5 f6 26. exf6+ Kxf6 27. Kf2 Kf7 28. h5 Bc4 29. a3 d4 30. Bxc6 Re3 31. Bd5+ Bxd5 32. Nxd5 Ne4+ 33. Kg1 Rxg3+ 34. Kh2 Rxa3 35. Rb7 Ra2 36. hxg6+ Kxg6 37. Rxc7 d3 38. Ne3 d2 39. Rc6+ Kf7 40. Rc4 Ra3 41. Nd1 Ra1 42. Ne3 Re1 43. Rc7+ Ke8 44. Rc8+ Kd7 0-1

[Event "Prague op"]
[Site "Prague"]
[Date "2020.02.19"]
[Round "7"]
[White "Kapnisis, Spyridon"]
[Black "Pechac, Jergus"]
[Result "0-1"]
[WhiteElo "2471"]
[BlackElo "2499"]
[PlyCount "76"]
[EventDate "2020.02.14"]
[EventType "swiss"]
[EventRounds "9"]
[EventCountry "CZE"]
[SourceTitle "CBM 195 Extra"]
[Source "ChessBase"]
[SourceDate "2020.05.31"]
[SourceVersion "1"]
[SourceVersionDate "2020.05.31"]
[SourceQuality "1"]

1. c4 c6 2. Nf3 d5 3. e3 Nf6 4. Nc3 a6 5. d4 e6 6. b3 Bb4 7. Bd2 dxc4 8. bxc4 c5 9. Bd3 Nc6 10. 0-0 cxd4 11. exd4 Nxd4 12. Nxd4 Qxd4 13. Qa4+ Bd7 14. Qxb4 Qxd3 15. Bg5 Bc6 16. Bxf6 gxf6 17. Nd5 Bxd5 18. cxd5 Qxd5 19. Rac1 a5 20. Qa3 Rg8 21. g3 Rg4 22. Rc5 Qd8 23. Rfc1 Rd4 24. Qf3 Rd7 25. Qh5 Ke7 26. Qxh7 b6 27. R5c3 Rd1+ 28. Rxd1 Qxd1+ 29. Kg2 Qd5+ 30. Kg1 Rd8 31. h4 Qe5 32. Rc1 b5 33. Qc2 b4 34. Qc5+ Ke8 35. Qa7 Kf8 36. Rc7 Rd1+ 37. Kh2 Qe4 38. Rxf7+ Kg8 0-1

[Event "Anogia Fischer Memorial 7th"]
[Site "Anogia"]
[Date "2019.09.19"]
[Round "9"]
[White "Stoyanov, Tsvetan"]
[Black "Kapnisis, Spyridon"]
[Result "0-1"]
[WhiteElo "2373"]
[BlackElo "2465"]
[PlyCount "64"]
[EventDate "2019.09.11"]
[EventType "tourn"]
[EventRounds "9"]
[EventCountry "GRE"]
[EventCategory "7"]
[SourceTitle "EXT 2020"]
[Source "ChessBase"]
[SourceDate "2019.10.17"]
[SourceVersion "1"]
[SourceVersionDate "2019.10.17"]
[SourceQuality "1"]

1. e4 c5 2. Nf3 Nf6 3. e5 Nd5 4. Nc3 e6 5. Bc4 Nb6 6. d3 d5 7. exd6 Bxd6 8. Bb3 0-0 9. Qe2 Nc6 10. Bd2 Nd5 11. h4 Nf6 12. Ne4 Be7 13. Nxf6+ Bxf6 14. c3 b6 15. 0-0-0 Bb7 16. Rh3 b5 17. Ng5 b4 18. Qh5 h6 19. Ne4 bxc3 20. bxc3 Na5 21. Bxh6 Nxb3+ 22. axb3 Bxe4 23. dxe4 Qa5 24. e5 c4 25. Bxg7 Bxg7 26. Rg3 Qa1+ 27. Kc2 cxb3+ 28. Kd2 Rfd8+ 29. Ke3 Qxd1 30. Rxg7+ Kxg7 31. Qg5+ Kf8 32. Qh6+ Ke8 0-1

[Event "Anogia Fischer Memorial 7th"]
[Site "Anogia"]
[Date "2019.09.18"]
[Round "8"]
[White "Kapnisis, Spyridon"]
[Black "Mitsis, Georgios"]
[Result "1/2-1/2"]
[WhiteElo "2465"]
[BlackElo "2374"]
[PlyCount "107"]
[EventDate "2019.09.11"]
[EventType "tourn"]
[EventRounds "9"]
[EventCountry "GRE"]
[EventCategory "7"]
[SourceTitle "EXT 2020"]
[Source "ChessBase"]
[SourceDate "2019.10.17"]
[SourceVersion "1"]
[SourceVersionDate "2019.10.17"]
[SourceQuality "1"]

1. e4 e6 2. d4 d5 3. Nc3 Bb4 4. a3 Bxc3+ 5. bxc3 dxe4 6. Qg4 Nf6 7. Qxg7 Rg8 8. Qh6 Rg6 9. Qh4 c5 10. Ne2 Nc6 11. dxc5 Rg4 12. Qh6 Rg6 13. Qh4 Rg4 14. Qh6 Rg6 15. Qd2 Qa5 16. Nd4 Bd7 17. Nb5 Kf8 18. h4 h5 19. g4 Kg8 20. gxh5 Ne5 21. Nd4 Nxh5 22. Bb2 Bc6 23. 0-0-0 e3 24. Qxe3 Ng4 25. Nxc6 bxc6 26. Qd4 e5 27. Qd7 Qxc5 28. Bd3 Rg7 29. Be2 Qxf2 30. Bxg4 Qf4+ 31. Kb1 Qxg4 32. Qxc6 Rc8 33. Qd5 Re8 34. c4 Nf6 35. Qc6 Re6 36. Qa8+ Kh7 37. Qxa7 Qxc4 38. h5 Rc6 39. Qf2 Rg5 40. Rhg1 Ne4 41. Qh2 Rxg1 42. Rxg1 Nc3+ 43. Bxc3 Qxc3 44. Qf2 Kh8 45. Rg3 Qc5 46. Qf5 Rb6+ 47. Kc1 Rc6 48. Rb3 Qg1+ 49. Kb2 Qd4+ 50. Ka2 Qd5 51. Kb1 Qd1+ 52. Kb2 Qd4+ 53. Ka2 Qd5 54. Kb2 1/2-1/2